000 00296nam a2200133Ia 4500
008 221030s9999 xx 000 0 und d
041 _aEnglish
082 _a105.23
100 _aSushant Gulati/228
245 0 _aARTIFICAL LIFE
260 _aJalandhar
_c2001
650 _aComputers
942 _cTH
999 _c5279
_d5279